000 02772nam a2200421 a 4500
001 000108526
003 CHAP
005 20250120135520.0
007 cr ||||||a|c|a
008 140220s2012 mx sm |||||||spa d
040 _cCHAP
090 _aTesis
100 1 _aHermenegildo Macario, Beatriz
_9125541
245 1 0 _aEstudio de factibilidad técnico económico para el establecimiento de una industria atolera a base de trigo integral (Triticum aestivum) en Jilotepec, Estado de México
_cpor Beatriz Hermenegildo Macario; director de tesis Patricia Pérez Herrera.
264 1 _aChapingo, Méx. :
_bEl autor,
_c2012.
300 _a1 recurso en línea (106 páginas):
_bcuadros, figuras.
336 _2rdacontent
_atexto
_btxt
337 _2rdamedia
_acomputadora
_bc
338 _2rdacarrier
_arecursos en línea
_bcr
502 _bIA
_cAgroindustrias
_d2012.
520 _aEn el presente trabajo se desarrolla un estudio de factibilidad técnico-económico para el establecimiento de una industria Atolera de trigo integral, que ayudará al aprovechamiento de la materia prima, creando fuentes de empleo, mejorando el ingreso de los productores y contribuyendo en el crecimiento del municipio. El municipio de Jilotepec, Estado de México es un lugar apropiado, ya que reúne las condiciones necesarias en cuanto a abasto de materia prima, vías de comunicación y cercanía con el Distrito Federal. La inversión total requerida para llevar acabo dicho proyecto es de $ 37, 594, 231.30 con una aportación de los socios de $10,478,166.14 y un financiamiento del $21,423,565.17 y la aportación de dependencias gubernamentales como son FONAES, FAPPA-PROMUSAG y PYMES de $5,692,500.00. Los resultados obtenidos de este estudio muestran que el proyecto es viable técnica y económicamente. Presentando una Tasa de Rentabilidad para la empresa de 68 % y 40 % para el proyecto, los cuales son superior a la TREMA de 14.17 %. El proyecto además presenta un Valor Actual Neto de $ 76, 187, 341.00, y una Relación Beneficio Costo B/C de 2.5, confirmando la rentabilidad del proyecto
590 _aBATCH-UPD
_b10
_c20140324
590 _aBATCH-UPD
_b10
_c20141002
590 _aE11695DGD
_b10
_c20140227
590 _aE11695DGD
_b10
_c20160504
590 _aE6096MTM
_b05
_c20140220
650 1 4 _aEstudios de factibilidad.
_938520
650 1 4 _aIndustrias agrícolas.
_957925
650 1 4 _aTrigo
_xIndustria.
_9115042
650 1 4 _aTrigo
_xProcesado.
_9115081
650 1 4 _aTrigo
_xSubproductos.
_9115105
700 1 _aPérez Herrera, Patricia
_9149075
_eDirector de tesis.
856 _uhttp://10.13.5.2/tesis/108526.pdf
_zDESCARGAR PDF
901 _aBK
942 _2Clasificación Univerdidad Autónoma Chapingo
_cTD
999 _c104988
_d104988